Postoje zaměstnanců ke kurzům osobnostně sociálního rozvoje

Saved in:
Bibliographic Details
Main Author Sieberová, Monika (Dissertant)
Other Authors Kočvarová, Ilona (Thesis advisor)
Format Manuscript Book
LanguageCzech
Published 2013
Subjects
Online AccessPlný text v Digitální knihovně UTB
Physical Description92 s. ( 120 786 znaků ).

Cover

LEADER 00000ntm a22000007u 4500
001 zp31964
041 |a cze 
100 1 |a Sieberová, Monika  |4 dis 
245 1 0 |a Postoje zaměstnanců ke kurzům osobnostně sociálního rozvoje 
246 |a Attitude of Employees towards Courses of Personal and Social Development 
260 |c 2013 
300 |a 92 s. ( 120 786 znaků ). 
500 |a Studijní obor: Sociální pedagogika 
500 |a Studijní obor: Social pedagogy 
500 |a Ústav: Ústav pedagogických věd 
500 |a Univerzita Tomáše Bati ve Zlíně. Fakulta humanitních studií 
500 |a Tomas Bata University in Zlín. Faculty of Humanities 
506 |a Bez omezení 
653 |a postoje 
653 |a osobnostně sociální rozvoj 
653 |a učení 
653 |a vzdělávání 
653 |a motivace 
653 |a komunikace 
653 |a tým 
653 |a firemní kultura 
653 |a konfliktní situace 
653 |a kvantitativní výzkum 
653 |a dotazník 
653 |a attitudes 
653 |a personality and social development 
653 |a learning 
653 |a education 
653 |a motivation 
653 |a communication 
653 |a team 
653 |a companyculture 
653 |a conflictsituations 
653 |a quantitative research 
653 |a questionnai-re 
655 4 |a diplomová práce 
700 1 |a Kočvarová, Ilona  |4 ths 
710 2 |a Univerzita Tomáše Bati ve Zlíně. Fakulta humanitních studií  |4 dgg 
710 2 |a Tomas Bata University in Zlín. Faculty of Humanities  |4 dgg 
856 4 0 |u http://hdl.handle.net/10563/21527  |y Plný text v Digitální knihovně UTB